[Event "POR-chT Blitz"]
[Site "Viseu"]
[Date "2022.06.12"]
[Round "2.8"]
[White "Martins, Manuel Jose Lopes"]
[Black "Garcia, Antonio Manuel Cost"]
[Result "1-0"]
[WhiteElo "1748"]
[BlackElo "1777"]
[PlyCount "73"]
[EventDate "2022.06.12"]
[EventType "team-swiss (blitz)"]
[EventRounds "7"]
[EventCountry "POR"]
[SourceTitle "CBM 208 Extra"]
[Source "ChessBase"]
[SourceDate "2022.07.31"]
[SourceVersion "1"]
[SourceVersionDate "2022.07.31"]
[SourceQuality "1"]
[WhiteTeam "Viseu UGT"]
[BlackTeam "Alekhine"]
[WhiteTeamCountry "POR"]
[BlackTeamCountry "POR"]

1. e4 c6 2. d4 d5 3. exd5 cxd5 4. c3 Nf6 5. Bd3 Nc6 6. Ne2 Bg4 7. 0-0 e6 8. Bf4 Bd6 9. f3 Bh5 10. Re1 0-0 11. Nd2 Qc7 12. Bxd6 Qxd6 13. Ng3 Bg6 14. Ndf1 Rae8 15. Bb5 a6 16. Bxc6 Qxc6 17. Qe2 Qd6 18. Qe5 Qb6 19. Re2 Nd7 20. Qf4 f6 21. Rae1 e5 22. Qd2 Rf7 23. Kh1 Rfe7 24. dxe5 fxe5 25. Qxd5+ Kh8 26. Ne4 Bf7 27. Qd2 Kg8 28. Nfg3 Bc4 29. Re3 Nf6 30. b3 Bf7 31. Nf5 Rd7 32. Ned6 Red8 33. Rd1 Nd5 34. Rd3 Rxd6 35. Nxd6 Rxd6 36. c4 Bg6 37. Rxd5 1-0

[Event "Lisbon Portugal rapid op"]
[Site "Lisbon"]
[Date "2018.02.10"]
[Round "6"]
[White "Garcia, Antonio Manuel Cost"]
[Black "Gavrish, Leonid"]
[Result "0-1"]
[WhiteElo "1833"]
[BlackElo "2110"]
[PlyCount "106"]
[EventDate "2018.02.10"]
[EventType "swiss (rapid)"]
[EventRounds "8"]
[EventCountry "POR"]
[SourceTitle "CBM 182 Extra"]
[Source "ChessBase"]
[SourceDate "2018.02.23"]
[SourceVersion "1"]
[SourceVersionDate "2018.02.23"]
[SourceQuality "1"]

1. d4 Nf6 2. c4 c5 3. Nf3 cxd4 4. Nxd4 e5 5. Nb3 d5 6. cxd5 Qxd5 7. Qxd5 Nxd5 8. Bd2 Nc6 9. e4 Ndb4 10. Na3 Be6 11. Bb5 Nxa2 12. Na5 0-0-0 13. Nxc6 bxc6 14. Bxc6 Bc5 15. Ba5 Bb4+ 16. Bxb4 Nxb4 17. Bb5 Rd4 18. 0-0 Rxe4 19. Rfe1 Rxe1+ 20. Rxe1 Rd8 21. h3 Nd3 22. Ba6+ Kc7 23. Bxd3 Rxd3 24. Ra1 Kb6 25. Re1 Kc6 26. Nc2 Rd2 27. Rc1 Kd6 28. Ne3 Rxb2 29. Ra1 Rb7 30. Ra6+ Ke7 31. Ra5 f6 32. Nc2 h5 33. h4 Bc4 34. Ne3 Be6 35. Nc2 Kf7 36. Ra6 Bc4 37. Ra5 a6 38. Ne3 Bb5 39. Ra1 Ke6 40. Nc2 Bd3 41. Ne3 Rb1+ 42. Rxb1 Bxb1 43. Kf1 Bd3+ 44. Ke1 f5 45. Kd2 Bb5 46. Kc3 f4 47. Nc2 Kf5 48. f3 Bf1 49. Ne1 e4 50. fxe4+ Kxe4 51. Kd2 a5 52. Nf3 Bxg2 53. Ng5+ Kf5 0-1

[Event "Lisbon Check Mate op 5th"]
[Site "Lisbon"]
[Date "2017.08.30"]
[Round "6"]
[White "Pires, Emanuel Joao Robart"]
[Black "Garcia, Antonio Manuel Cost"]
[Result "1-0"]
[WhiteElo "2035"]
[BlackElo "1814"]
[PlyCount "91"]
[EventDate "2017.08.26"]
[EventType "swiss"]
[EventRounds "7"]
[EventCountry "POR"]
[SourceTitle "CBM 180 Extra"]
[Source "ChessBase"]
[SourceDate "2017.10.06"]
[SourceVersion "1"]
[SourceVersionDate "2017.10.06"]
[SourceQuality "1"]

1. e4 c5 2. d4 cxd4 3. c3 Nf6 4. e5 Nd5 5. Nf3 e6 6. cxd4 Nc6 7. Nc3 Nxc3 8. bxc3 d6 9. Bf4 dxe5 10. Nxe5 Nxe5 11. Bxe5 Qa5 12. Qc2 Bd7 13. Bf4 Rc8 14. Bd2 Qd5 15. Qd3 Be7 16. c4 Qd6 17. Be2 Bf6 18. Bc3 0-0 19. 0-0 Bc6 20. Rad1 Rfd8 21. Rfe1 Ba4 22. Rb1 Bc6 23. Red1 Qf4 24. g3 Qc7 25. d5 Bxc3 26. Qxc3 Bxd5 27. Qe3 Bc6 28. Qxa7 Ra8 29. Qc5 Rxd1+ 30. Rxd1 Rxa2 31. Qe5 Qe7 32. Qb8+ Be8 33. Rd8 Kf8 34. Bf3 f6 35. Bxb7 Kf7 36. Rc8 Rd2 37. c5 Rd7 38. Bf3 Rd3 39. Rc7 Rd7 40. Rc8 Rd3 41. Kg2 Rd2 42. Rc7 Rd7 43. Rxd7 Bxd7 44. c6 Bxc6 45. Bxc6 g6 46. Qh8 1-0

[Event "Managua Hurtado Memorial 15th"]
[Site "Managua"]
[Date "2015.12.30"]
[Round "9"]
[White "Garcia, Antonio Manuel Cost"]
[Black "Granados Ortiz, Fidel"]
[Result "1/2-1/2"]
[WhiteElo "1955"]
[BlackElo "1856"]
[PlyCount "80"]
[EventDate "2015.12.26"]
[EventType "swiss"]
[EventRounds "9"]
[EventCountry "NCA"]
[SourceTitle "CBM 170 Extra"]
[Source "ChessBase"]
[SourceDate "2016.02.25"]
[SourceVersion "1"]
[SourceVersionDate "2016.02.25"]
[SourceQuality "1"]

1. c4 e5 2. Nc3 Nf6 3. d4 d5 4. cxd5 Nxd5 5. g3 Nc6 6. Bg2 Be6 7. Bd2 Be7 8. Nf3 0-0 9. 0-0 Qd7 10. Ng5 Bxg5 11. Bxg5 h6 12. Bd2 Rab8 13. Ne4 b6 14. Rc1 f5 15. Nc3 Nce7 16. a3 c5 17. Qc2 Nc6 18. Nxd5 Bxd5 19. Bc3 Bxg2 20. Kxg2 Nxd4 21. Qd1 Qd5+ 22. f3 f4 23. g4 g5 24. Bxd4 exd4 25. Qa4 Rfe8 26. Rf2 Re7 27. Qc4 Rd8 28. b3 Kf7 29. Kf1 Ke6 30. h3 Qxc4 31. Rxc4 Kd5 32. h4 b5 33. Rc1 Rdd7 34. hxg5 hxg5 35. Rh2 Rh7 36. Kg2 Rxh2+ 37. Kxh2 c4 38. Kg2 Rc7 39. Kf2 c3 40. Rc2 a5 1/2-1/2

[Event "Managua Hurtado Memorial 15th"]
[Site "Managua"]
[Date "2015.12.27"]
[Round "2"]
[White "Garcia, Antonio Manuel Cost"]
[Black "Davila, Carlos"]
[Result "0-1"]
[WhiteElo "1955"]
[BlackElo "2263"]
[PlyCount "57"]
[EventDate "2015.12.26"]
[EventType "swiss"]
[EventRounds "9"]
[EventCountry "NCA"]
[SourceTitle "CBM 170 Extra"]
[Source "ChessBase"]
[SourceDate "2016.02.25"]
[SourceVersion "1"]
[SourceVersionDate "2016.02.25"]
[SourceQuality "1"]

1. c4 e5 2. Nc3 Nf6 3. g3 c6 4. Bg2 d5 5. cxd5 cxd5 6. d4 exd4 7. Qxd4 Nc6 8. Qd1 Bb4 9. a3 Bxc3+ 10. bxc3 0-0 11. Nf3 Ne4 12. Bb2 Qb6 13. 0-0 Qxb2 14. Qxd5 Nxc3 15. Qc4 Nxe2+ 16. Kh1 Be6 17. Qh4 Qf6 18. Qh5 h6 19. Rab1 Rab8 20. Nd2 Nc3 21. Rbc1 Rfd8 22. Nf3 Bd5 23. Rfe1 g6 24. Qg4 Re8 25. h4 Ne4 26. Kg1 Qb2 27. Rf1 Nxf2 28. Qf4 Nd3 29. Qxh6 0-1

[Event "Portugal op"]
[Site "Oeiras"]
[Date "2015.08.30"]
[Round "1"]
[White "Garcia, Antonio Manuel Cost"]
[Black "Rodriguez Lopez, Rafael"]
[Result "0-1"]
[WhiteElo "1957"]
[BlackElo "2255"]
[PlyCount "96"]
[EventDate "2015.08.30"]
[EventType "swiss"]
[EventRounds "9"]
[EventCountry "POR"]
[SourceTitle "EXT 2016"]
[Source "ChessBase"]
[SourceDate "2015.10.08"]
[SourceVersion "1"]
[SourceVersionDate "2015.10.08"]
[SourceQuality "1"]

1. c4 Nf6 2. Nc3 g6 3. g3 Bg7 4. Bg2 0-0 5. Nf3 d6 6. 0-0 e5 7. d3 Nbd7 8. Qc2 c6 9. Nd2 Nc5 10. b4 Ne6 11. e3 d5 12. Bb2 d4 13. Nce4 Nxe4 14. Nxe4 f5 15. Nc5 Nxc5 16. bxc5 Re8 17. a4 Bf8 18. f4 Bxc5 19. e4 exf4 20. Rxf4 g5 21. Rf2 fxe4 22. Bxe4 Bg4 23. Ba3 Bxa3 24. Rxa3 Rf8 25. Rb3 Qe7 26. Qb2 Rxf2 27. Qxf2 Rd8 28. Rb1 Bh3 29. a5 a6 30. Qb2 Rd7 31. Qf2 Qf7 32. Qd2 Qf6 33. Re1 Rf7 34. Bg2 Bf5 35. Qe2 Bxd3 36. Qe8+ Kg7 37. Qe5 Qxe5 38. Rxe5 Bxc4 39. Rxg5+ Kf6 40. Rg4 Rd7 41. Bh3 Be6 42. Rf4+ Ke5 43. Bg2 c5 44. Re4+ Kd6 45. Rh4 Bf5 46. Rf4 Bc2 47. Rf6+ Ke5 48. Rf2 d3 0-1

[Event "Lisbon Check Mate op 3rd"]
[Site "Lisbon"]
[Date "2015.08.10"]
[Round "4"]
[White "Garcia, Antonio Manuel Cost"]
[Black "Lopes, Jose Manuel Cidreir"]
[Result "1-0"]
[WhiteElo "1957"]
[BlackElo "1641"]
[PlyCount "73"]
[EventDate "2015.08.08"]
[EventType "swiss"]
[EventRounds "7"]
[EventCountry "POR"]
[SourceTitle "EXT 2017"]
[Source "ChessBase"]
[SourceDate "2016.10.25"]
[SourceVersion "1"]
[SourceVersionDate "2016.10.25"]
[SourceQuality "1"]

1. d4 d6 2. c4 e5 3. e3 e4 4. Nc3 Nf6 5. Qc2 Qe7 6. Nge2 Bf5 7. g3 c6 8. Bg2 d5 9. cxd5 cxd5 10. Nf4 Qd7 11. Qb3 Be6 12. f3 Nc6 13. fxe4 dxe4 14. Nxe6 fxe6 15. Nxe4 Nxe4 16. Bxe4 Bb4+ 17. Ke2 0-0 18. Bg2 Rf7 19. Bh3 Nxd4+ 20. exd4 Qb5+ 21. Kd1 Rf2 22. Bxe6+ Kh8 23. Qc4 Qh5+ 24. g4 Qg6 25. Bf5 Qd6 26. a3 Ba5 27. b4 Bb6 28. Be3 Rf3 29. Re1 Qxh2 30. Ra2 Qg3 31. Rae2 Rd8 32. Bf2 Qb8 33. Qd5 g6 34. Qxf3 Bxd4 35. Re8+ Rxe8 36. Bxd4+ Kg8 37. Qd5+ 1-0

[Event "Lisbon Check Mate op 1st"]
[Site "Lisbon"]
[Date "2013.08.10"]
[Round "2.5"]
[White "Garcia, Antonio Manuel Cost"]
[Black "Silva, Luis Neves Da"]
[Result "0-1"]
[WhiteElo "1911"]
[BlackElo "2199"]
[PlyCount "124"]
[EventDate "2013.08.10"]
[EventType "swiss"]
[EventRounds "7"]
[EventCountry "POR"]
[SourceTitle "EXT 2015"]
[Source "ChessBase"]
[SourceDate "2014.11.20"]
[SourceVersion "1"]
[SourceVersionDate "2014.11.20"]
[SourceQuality "1"]

1. d4 Nf6 2. c4 e6 3. g3 Bb4+ 4. Bd2 c5 5. Bg2 Bxd2+ 6. Qxd2 cxd4 7. Qxd4 Nc6 8. Qd2 d5 9. cxd5 exd5 10. Nc3 Be6 11. e3 0-0 12. Nge2 Qb6 13. 0-0 Rfd8 14. Nd4 Ne4 15. Qe2 Nxd4 16. exd4 Nxc3 17. bxc3 Rac8 18. Rab1 Qc6 19. Rfc1 b6 20. h4 Qc4 21. Qb2 Bf5 22. Bf1 Bd3 23. Bxd3 Qxd3 24. Qa3 Rc7 25. Rb3 Qd2 26. Rcb1 f6 27. Qb2 Qxb2 28. R1xb2 Kf7 29. Kf1 Rdc8 30. Rc2 Rc4 31. Ra3 R8c7 32. Kg2 Ke6 33. Re2+ Kd6 34. Re3 a5 35. Rb3 R4c6 36. Rb5 Re7 37. Rxd5+ Kxd5 38. Rxe7 g6 39. Rxh7 Kc4 40. Rd7 Kxc3 41. d5 Rc5 42. Rd6 b5 43. Rxf6 Rxd5 44. Rxg6 b4 45. Rg5 Kc4 46. Rg4+ Kc3 47. Rg5 Kc4 48. Rg4+ Kc5 49. Re4 a4 50. Re2 b3 51. axb3 axb3 52. g4 Kd4 53. Rd2+ Kc4 54. Rb2 Kc3 55. Re2 b2 56. Rxb2 Kxb2 57. g5 Kc3 58. g6 Kd4 59. Kg3 Ke5 60. Kg4 Kf6 61. h5 Rg5+ 62. Kh4 Rf5 0-1

[Event "POR-ch prel"]
[Site "Lisbon"]
[Date "2013.07.15"]
[Round "1.23"]
[White "Garcia, Antonio Manuel Cost"]
[Black "Paiva, Henrique MA Alberg"]
[Result "0-1"]
[WhiteElo "1953"]
[BlackElo "1610"]
[PlyCount "118"]
[EventDate "2013.07.15"]
[EventType "swiss"]
[EventRounds "9"]
[EventCountry "POR"]
[SourceTitle "EXT 2015"]
[Source "ChessBase"]
[SourceDate "2014.11.20"]
[SourceVersion "1"]
[SourceVersionDate "2014.11.20"]
[SourceQuality "1"]

1. c4 e5 2. Nc3 Nc6 3. g3 g6 4. Bg2 Bg7 5. d3 d6 6. Nf3 Nf6 7. 0-0 0-0 8. Rb1 a5 9. Bg5 h6 10. Bd2 Be6 11. h3 Qd7 12. Kh2 e4 13. dxe4 Bxc4 14. Qc1 Kh7 15. b3 Ba6 16. Rd1 Qe7 17. a3 Ne5 18. b4 axb4 19. axb4 b6 20. b5 Bb7 21. Nd5 Bxd5 22. exd5 Rac8 23. Nxe5 Qxe5 24. Be3 Nd7 25. Rb4 f5 26. Rh4 h5 27. Bd4 Qe7 28. Bxg7 Kxg7 29. Qb2+ Qe5 30. Qxe5+ Nxe5 31. f4 Nc4 32. Rc1 Na3 33. e4 fxe4 34. Bxe4 Nxb5 35. Rf1 Rce8 36. Bd3 Nd4 37. g4 Re3 38. Bb1 Nf3+ 39. Rxf3 Rxf3 40. f5 Rb3 41. Be4 Ra8 42. gxh5 Ra2+ 43. Bg2 gxh5 44. Rxh5 Kf6 45. h4 Rbb2 46. Rg5 Rf2 47. Kh3 Rxg2 48. Rxg2 Rxg2 49. Kxg2 Kxf5 50. Kg3 b5 51. Kf3 b4 52. Ke3 Kg4 53. Kd3 Kxh4 54. Kc4 Kg5 55. Kxb4 Kf5 56. Kb5 Ke5 57. Kc6 Kd4 58. Kxc7 Kxd5 59. Kb6 Kc4 0-1

[Event "NCA-ch"]
[Site "Managua"]
[Date "2011.09.04"]
[Round "7"]
[White "Garcia, Antonio Manuel Cost"]
[Black "Diego Martinez, Humberto Jose"]
[Result "1/2-1/2"]
[WhiteElo "1996"]
[BlackElo "1971"]
[PlyCount "76"]
[EventDate "2011.08.20"]
[EventType "swiss"]
[EventRounds "9"]
[EventCountry "NCA"]
[SourceTitle "CBM 144 Extra"]
[Source "ChessBase"]
[SourceDate "2011.10.28"]
[SourceVersion "1"]
[SourceVersionDate "2011.10.28"]
[SourceQuality "1"]

1. c4 c6 2. e3 d5 3. d4 Nf6 4. Nc3 a6 5. Nf3 b5 6. c5 Bg4 7. h3 Bxf3 8. gxf3 Nbd7 9. f4 e6 10. Bg2 g6 11. Bd2 Bg7 12. b4 0-0 13. 0-0 Nh5 14. a4 f5 15. axb5 axb5 16. Qc2 Qc7 17. Ra2 Ra7 18. Rfa1 Rfa8 19. Ne2 Qb7 20. Kh2 Ra6 21. Nc1 R8a7 22. Nb3 Qa8 23. Rxa6 Rxa6 24. Ra5 Bf6 25. Bf3 Ng7 26. Qa2 Nb8 27. Rxa6 Qxa6 28. Qa5 Qxa5 29. Nxa5 Bd8 30. Nb3 Ne8 31. Nc1 Kf7 32. Nd3 Bf6 33. Ne5+ Bxe5 34. fxe5 Ng7 35. Kg3 g5 36. Be2 Kg6 37. Bd3 h5 38. f4 g4 1/2-1/2

[Event "Lisbon Masters"]
[Site "Lisbon"]
[Date "2009.07.09"]
[Round "3"]
[White "Guerra, Vitor Manuel Vestia"]
[Black "Garcia, Antonio Manuel Cost"]
[Result "1-0"]
[WhiteElo "2199"]
[BlackElo "1962"]
[PlyCount "125"]
[EventDate "2009.07.02"]
[EventType "swiss"]
[EventRounds "7"]
[EventCountry "POR"]
[SourceTitle "EXT 2012"]
[Source "ChessBase"]
[SourceDate "2011.11.24"]
[SourceVersion "1"]
[SourceVersionDate "2011.11.24"]
[SourceQuality "1"]

1. d4 d5 2. Nf3 Nf6 3. g3 b6 4. Bg2 Bb7 5. 0-0 e6 6. c4 Bd6 7. Nc3 0-0 8. b3 a6 9. Bb2 Nc6 10. cxd5 exd5 11. Rc1 Re8 12. Qd3 Ne7 13. Rfd1 Ng6 14. e3 Qe7 15. Rc2 Rad8 16. Nd2 Ne4 17. Ndxe4 dxe4 18. Qe2 b5 19. Rdc1 f5 20. Bh3 Qg5 21. a4 Nh4 22. axb5 Nf3+ 23. Kg2 a5 24. d5 Qh5 25. Rh1 Rf8 26. Rd2 g5 27. Bxf5 Rxf5 28. Nxe4 g4 29. h3 gxh3+ 30. Rxh3 Qxh3+ 31. Kxh3 Ng1+ 32. Kg4 Nxe2 33. Kxf5 Bc8+ 34. Kg5 Ng1 35. Rc2 Nf3+ 36. Kh5 Bf5 37. Nf6+ Kf7 38. e4 Bg6+ 39. Kg4 Ne5+ 40. Kh3 Kxf6 41. f4 Bxe4 42. Rf2 Ke7 43. fxe5 Bc5 44. d6+ cxd6 45. exd6+ Rxd6 46. Rf4 Bg6 47. Bc3 Bb6 48. Ra4 Bd3 49. Bxa5 Bxa5 50. Rxa5 Rb6 51. Ra7+ Kf6 52. Kg4 Rxb5 53. Kf4 Rxb3 54. Rd7 Bf5 55. Rd4 Rd3 56. Rb4 Rd1 57. Rb6+ Be6 58. Ra6 Rf1+ 59. Ke4 h5 60. Rb6 Re1+ 61. Kf4 Rg1 62. Ra6 Re1 63. Rb6 1-0